000 01207nam a22004330a 4500
001 PT59203
003 AR-LpoUNG
005 20210131231915.0
008 191001s2017||||ag |||||||||||||||||spa d
020 _a9789876297653
_c$8
040 _aAR-LpoUNG
_bspa
_cAR-LpoUNG
_eaacr
041 _aspa
044 _aag
082 0 _a982.068 977año
100 1 _aPucciarelli, Alfredo
_ecoor.
245 1 4 _aLos años del kirchnerismo :
_bla disputa hegemónica tras la crisis del orden neoliberal
250 _a1ra. ed.
260 _aBuenos Aires :
_bSiglo Veintiuno,
_c2017.
300 _a409 p. :
_bgráfs., tbls.
650 4 _aALIANZAS
650 4 _aANALISIS ECONOMICO
650 4 _aARGENTINA
650 4 _aCONDICIONES ECONOMICAS
650 4 _aDERECHOS HUMANOS
650 4 _aFMI
650 4 _aHISTORIA POLITICA
650 4 _aJEFES DE ESTADO
650 4 _aPODER POLITICO
650 4 _aPOLITICA SOCIAL
650 4 _aPRESIDENCIAS
650 4 _aRECESION ECONOMICA
653 _aDUHALDE, EDUARDO
653 _aFERNANDEZ DE KIRCHNER, CRISTINA
653 _aKIRCHNER, NESTOR CARLOS
653 _aPERONISMO
700 1 _aCastellani, Ana
_ecoor.
905 _a59203
942 _cLSALA
999 _c12542
_d12542